<?xml version="1.0" encoding="UTF-8"?>
<record
    xmlns:xsi="http://www.w3.org/2001/XMLSchema-instance"
    xsi:schemaLocation="http://www.loc.gov/MARC21/slim http://www.loc.gov/standards/marcxml/schema/MARC21slim.xsd"
    xmlns="http://www.loc.gov/MARC21/slim">

  <leader>03187nam a2200325 a 4500</leader>
  <controlfield tag="003">OSt</controlfield>
  <controlfield tag="005">20240731094141.0</controlfield>
  <controlfield tag="007">cr ||||||a|c|a</controlfield>
  <controlfield tag="008">240626s2021    mx a|||fom||| 001 0 spa d</controlfield>
  <datafield tag="040" ind1=" " ind2=" ">
    <subfield code="e">rda</subfield>
  </datafield>
  <datafield tag="100" ind1="1" ind2=" ">
    <subfield code="9">189269</subfield>
    <subfield code="a">V&#xE1;zquez Navarrete, Francisco Javier</subfield>
  </datafield>
  <datafield tag="245" ind1="1" ind2="0">
    <subfield code="a">Identificaci&#xF3;n del &#xE1;caro causante del erineo de la vid (Vitis vinifera L.), recolectado en Madrid, Espa&#xF1;a /</subfield>
    <subfield code="c">por Francisco Javier V&#xE1;zquez Navarrete; director de tesis Ma. del Carmen S&#xE1;nchez G&#xE1;lvan; secretario Hugo Enrique Gonz&#xE1;lez Garc&#xED;a; vocal Ana Karen L&#xF3;pez Tapia; suplente Artemio Rosas Meza; suplente Calixto Leopoldo Carrillo Fonseca.</subfield>
  </datafield>
  <datafield tag="264" ind1=" " ind2="1">
    <subfield code="a">Chapingo, M&#xE9;xico :</subfield>
    <subfield code="b">El autor,</subfield>
    <subfield code="c">2021.</subfield>
  </datafield>
  <datafield tag="300" ind1=" " ind2=" ">
    <subfield code="a">1 recurso en l&#xED;nea (71 p&#xE1;ginas):</subfield>
    <subfield code="b">cuadros, figuras.</subfield>
  </datafield>
  <datafield tag="336" ind1=" " ind2=" ">
    <subfield code="2">rdacontent</subfield>
    <subfield code="a">texto</subfield>
    <subfield code="b">txt</subfield>
  </datafield>
  <datafield tag="337" ind1=" " ind2=" ">
    <subfield code="2">rdamedia</subfield>
    <subfield code="a">computadora</subfield>
    <subfield code="b">c</subfield>
  </datafield>
  <datafield tag="338" ind1=" " ind2=" ">
    <subfield code="2">rdacarrier</subfield>
    <subfield code="a">recurso en l&#xED;nea</subfield>
    <subfield code="b">cr</subfield>
  </datafield>
  <datafield tag="502" ind1=" " ind2=" ">
    <subfield code="b">IAEPA</subfield>
    <subfield code="c">Parasitolog&#xED;a</subfield>
    <subfield code="d">2021.</subfield>
    <subfield code="g">LIC</subfield>
  </datafield>
  <datafield tag="504" ind1=" " ind2=" ">
    <subfield code="a">Incluye referencias bibliogr&#xE1;ficas: p&#xE1;ginas 60-67.</subfield>
  </datafield>
  <datafield tag="520" ind1=" " ind2=" ">
    <subfield code="a">Entre los problemas fitosanitarios presentes en el cultivo de vid (Vitis vinifera L.), destacan los &#xE1;caros eriofidos: Colomerus vitis y Calepitrimerus vitis, los cuales est&#xE1;n presentes en la mayor parte de los vi&#xF1;edos del mundo. Colomerus vitis es el &#xE1;caro causante del erineo de la vid y puede ocasionar retrasos en el crecimiento de pl&#xE1;ntulas, adem&#xE1;s de que se ha comprobado que es vector de la enfermedad Grapevine Pinot Gris Virus (GPGV), por lo cual, es considerada la especie de mayor importancia econ&#xF3;mica. En el mes de agosto de 2019, a un costado de las afueras del Jard&#xED;n Bot&#xE1;nico de Madrid, Espa&#xF1;a. Se recolectaron hojas de vid (Vitis vinifera L.), con colonias de &#xE1;caros dentro de los erineos del env&#xE9;s y falsas agallas en la parte del haz fueron colocadas dentro de l&#xED;quido de Koenike para su transporte y manejo. El objetivo de la presente investigaci&#xF3;n fue identificar al &#xE1;caro causante del erineo (crecimiento excesivo de los tricomas) de la vid, por lo que las muestras se conservaron en l&#xED;quido de Koenike y fueron transportadas y llevadas al Laboratorio de Acarolog&#xED;a de la Universidad Aut&#xF3;noma Chapingo, para elaborar montajes permanentes y poder hacer su identificaci&#xF3;n. Con base a la sintomatolog&#xED;a y caracteres taxon&#xF3;micos observados, se determin&#xF3; que el agente causal del erineo de la vid encontrado en Madrid, Espa&#xF1;a, corresponde a la especie Colomerus vitis. Es de relevancia mencionar, que esta especie a&#xFA;n no ha sido reportada en M&#xE9;xico, pero el trabajo servir&#xE1; como fuente de referencia para los especialistas fitosanitarios.</subfield>
  </datafield>
  <datafield tag="650" ind1=" " ind2="4">
    <subfield code="9">119131</subfield>
    <subfield code="a">Vid</subfield>
    <subfield code="x">Plagas</subfield>
  </datafield>
  <datafield tag="650" ind1=" " ind2="4">
    <subfield code="9">189270</subfield>
    <subfield code="a">Colomerus vitis</subfield>
    <subfield code="x">Identificaci&#xF3;n</subfield>
  </datafield>
  <datafield tag="700" ind1=" " ind2=" ">
    <subfield code="a">S&#xE1;nchez G&#xE1;lvez, Ma. del Carmen</subfield>
    <subfield code="e">Director de tesis.</subfield>
    <subfield code="9">164748</subfield>
  </datafield>
  <datafield tag="700" ind1="1" ind2=" ">
    <subfield code="9">130834</subfield>
    <subfield code="a">Gonz&#xE1;lez Garc&#xED;a, Hugo Enrique</subfield>
    <subfield code="e">Secretario.</subfield>
  </datafield>
  <datafield tag="700" ind1="1" ind2=" ">
    <subfield code="9">137143</subfield>
    <subfield code="a">L&#xF3;pez Tapia, Ana Karen</subfield>
    <subfield code="e">Vocal.</subfield>
  </datafield>
  <datafield tag="700" ind1="1" ind2=" ">
    <subfield code="9">100031</subfield>
    <subfield code="a">Rosas Meza, Artemio</subfield>
    <subfield code="e">Suplente.</subfield>
  </datafield>
  <datafield tag="700" ind1="1" ind2=" ">
    <subfield code="9">19482</subfield>
    <subfield code="a">Carrillo Fonseca, Calixto Leopoldo</subfield>
    <subfield code="e">Suplente.</subfield>
  </datafield>
  <datafield tag="856" ind1=" " ind2=" ">
    <subfield code="u">http://10.13.5.2/tesis/tl/2021_PA_Vazquez_Navarrete_FranciscoJavier.pdf</subfield>
    <subfield code="z">DESCARGAR PDF</subfield>
  </datafield>
  <datafield tag="942" ind1=" " ind2=" ">
    <subfield code="2">Clasificaci&#xF3;n Universidad Aut&#xF3;noma Chapingo</subfield>
    <subfield code="c">TD</subfield>
  </datafield>
  <datafield tag="999" ind1=" " ind2=" ">
    <subfield code="c">220024</subfield>
    <subfield code="d">220024</subfield>
  </datafield>
  <datafield tag="952" ind1=" " ind2=" ">
    <subfield code="0">0</subfield>
    <subfield code="1">0</subfield>
    <subfield code="2">local</subfield>
    <subfield code="4">0</subfield>
    <subfield code="5">1</subfield>
    <subfield code="7">0</subfield>
    <subfield code="8">TesDigL</subfield>
    <subfield code="a">BD</subfield>
    <subfield code="b">BD</subfield>
    <subfield code="c">E_L</subfield>
    <subfield code="d">2024-06-26</subfield>
    <subfield code="l">0</subfield>
    <subfield code="o">Tesis digital</subfield>
    <subfield code="r">2024-06-26 00:00:00</subfield>
    <subfield code="w">2024-06-26</subfield>
    <subfield code="y">TD</subfield>
  </datafield>
</record>
